000 00445 a2200169 4500
003 ulcusat
005 20260413121307.0
008 260413b |||||||| |||| 00| 0 eng d
020 _a9789364879187
080 _aFM
_bCHA/M
100 _aChandrasekhar, Narayanan
245 _aMahabharatha(മഹാഭാരത)
260 _bD C books.
_aKottayam.
_c2024.
300 _a270.
653 _aFiction-Novel- Malayalam Literature
942 _cOO
999 _c115272
_d115271